Online Catalogue and eLibrary

Manusath uyana (Record no. 1450)

MARC details
000 -LEADER
fixed length control field 00406nam a2200169Ia 4500
005 - DATE AND TIME OF LATEST TRANSACTION
control field 20250519025420.0
008 - FIXED-LENGTH DATA ELEMENTS--GENERAL INFORMATION
fixed length control field 240331s9999 xx 000 0 und d
020 ## - INTERNATIONAL STANDARD BOOK NUMBER
ISBN 9559529013
082 ## - DDC Classification
Item Number - Author Mark MOR
Class No. 301
100 ## - MAIN ENTRY--PERSONAL NAME
Personal name Morris, D
245 #0 - TITLE STATEMENT
Title Manusath uyana
250 ## - EDITION STATEMENT
Edition statement 3rd
260 ## - PUBLICATION, DISTRIBUTION, ETC.
Place of publication, distribution, etc. Nugegoda
Name of publisher, distributor, etc. Nawa Widya Publishers
Date of publication, distribution, etc. 2001
300 ## - PHYSICAL DESCRIPTION
Extent (e.g. Volumes, Pages etc.) 152 p .,
500 ## - GENERAL NOTE
General note Translation of The Human Zoo
942 ## - Koha item type (Biblio)
Koha item type Books in Stacks (Lending)
Holdings
Lost status Damaged status Collection code Home library Current library Shelving location Date acquired Full call number Accession Number Item type
    Lending WERC Library WERC Library Social Science Cupboard 03/31/2024 301 MOR 4615 Books in Stacks (Lending)

© WERC Library